Dynamical systems : lectures given at the C.I.M.E. sumeer school held in Cetraro, Italy, June 19-26, 2000

Αποθηκεύτηκε σε:
Λεπτομέρειες βιβλιογραφικής εγγραφής
Άλλοι συγγραφείς: Chow, Shui-Nee, Zecca, P. (Pietro) (Επιμελητής έκδοσης)
Μορφή: Βιβλίο
Γλώσσα:English
Δημοσίευση: Berlin ; New York : Springer, c2003.
Σειρά:Lecture notes in mathematics (Springer-Verlag) ; 1822
Θέματα:
Ετικέτες: Προσθήκη ετικέτας
Δεν υπάρχουν, Καταχωρήστε ετικέτα πρώτοι!

MARC

LEADER 00000cam a2200000 i 4500
001 1/60478
008 071026s2003 gw ||| | eng||
020 |a 3540407863 
035 |l 10091844 
040 |a GR-MyUA  |b gre  |e AACR2 
041 0 |a eng 
082 0 |a 515.39   |2 (22) 
245 1 0 |a Dynamical systems :   |b lectures given at the C.I.M.E. sumeer school held in Cetraro, Italy, June 19-26, 2000 /   |c S.-N. Chow ...[κ.ά.] ; editors, J.W. Macki, P. Zecca.  
260 |a Berlin ;   |a New York :   |b Springer,   |c c2003.  
300 |a xiii, 351 σ. :   |b εικ. ;   |c 24 εκ.  
490 1 |a (Lecture notes in mathematics   |v ; 1822)  
504 |a Περιλαμβάνει βιβλιογραφικές παραπομπές.  
650 0 0 |a Functional differential equations  |x Congresses. 
650 0 0 |a Reaction-diffusion equations  |x Congresses. 
700 1 |a Chow, Shui-Nee. 
700 1 |a Zecca, P.   |q (Pietro)  |e edt 
830 0 |a Lecture notes in mathematics (Springer-Verlag)  |v  ; 1822 
852 |a INST  |b SAMOS  |e 20071026  |h 515.39 DYN  |p 005300027993  |q 005300027993  |t BK  |y 0 
901 |a BIBL3-2007-3 
909 |a Σ  |b 139223 
922 |a 3ΕΛΗ  |b 200709  |c ΕΠΕΑΕΚ2/ΤΜΗΜΑ ΜΑΘΗΜΑΤΙΚΩΝ  |d ΠΑΠΑΣΩΤΗΡΙΟΥ 
970 |a ΣΙΤΖΙΜΗ  |b ΓΙΑΣΕΜΗ  |z 2007/10/26